5HLuxD.jpg

KING HENRY VIII SENIOR AND PRIMARY SCHOOL LIBRARY OPAC

The seven husbands of Evelyn Hugo/ (Record no. 1876)

000 -LEADER
fixed length control field 01593cam a2200385 i 4500
001 - CONTROL NUMBER
control field 1007124294605913
003 - CONTROL NUMBER IDENTIFIER
control field OSt
005 - DATE AND TIME OF LATEST TRANSACTION
control field 20230213145527.0
008 - FIXED-LENGTH DATA ELEMENTS--GENERAL INFORMATION
fixed length control field 221107t20212021xxk e 000 1 eng d
020 ## - INTERNATIONAL STANDARD BOOK NUMBER
International Standard Book Number 9781398515697
020 ## - INTERNATIONAL STANDARD BOOK NUMBER
International Standard Book Number 1398515698
035 ## - SYSTEM CONTROL NUMBER
System control number (EXLNZ-886UCO_NETWORK)99736101005911
040 ## - CATALOGING SOURCE
Original cataloging agency SCU
Language of cataloging eng
Description conventions rda
Transcribing agency SCU
Modifying agency KH8
042 ## - AUTHENTICATION CODE
Authentication code nbic
082 ## - DEWEY DECIMAL CLASSIFICATION NUMBER
Classification number FIC REI
100 1# - MAIN ENTRY--PERSONAL NAME
Personal name Reid, Taylor Jenkins,
Relator term author.
245 14 - TITLE STATEMENT
Title The seven husbands of Evelyn Hugo/
Statement of responsibility, etc. Taylor Jenkins Reid.
246 3# - VARYING FORM OF TITLE
Title proper/short title 7 husbands of Evelyn Hugo.
250 ## - EDITION STATEMENT
Edition statement First Washington Square Press / Atria Paperback edition.
264 #1 - PRODUCTION, PUBLICATION, DISTRIBUTION, MANUFACTURE, AND COPYRIGHT NOTICE
Place of production, publication, distribution, manufacture London :
Name of producer, publisher, distributor, manufacturer Simon & Schuster Ltd,
Date of production, publication, distribution, manufacture, or copyright notice 2021.
264 #4 - PRODUCTION, PUBLICATION, DISTRIBUTION, MANUFACTURE, AND COPYRIGHT NOTICE
Date of production, publication, distribution, manufacture, or copyright notice ©2021.
300 ## - PHYSICAL DESCRIPTION
Extent 389 pages ;
Dimensions 21 cm.
336 ## - CONTENT TYPE
Content type term text
Content type code txt
Source rdacontent.
337 ## - MEDIA TYPE
Media type term unmediated
Media type code n
Source rdamedia.
338 ## - CARRIER TYPE
Carrier type term volume
Carrier type code nc
Source rdacarrier.
500 ## - GENERAL NOTE
General note Includes a reading guide and topic and questions for discussion.
520 ## - SUMMARY, ETC.
Summary, etc. "Aging and reclusive Hollywood movie icon Evelyn Hugo is finally ready to tell the truth about her glamorous and scandalous life. But when she chooses unknown magazine reporter Monique Grant for the job, no one in the journalism community is more astounded than Monique herself. Why her? Why now?"--Amazon.com.
650 #0 - SUBJECT ADDED ENTRY--TOPICAL TERM
Topical term or geographic name entry element Women journalists
Form subdivision Fiction.
650 #0 - SUBJECT ADDED ENTRY--TOPICAL TERM
Topical term or geographic name entry element Motion picture actors and actresses
Form subdivision Fiction.
650 #0 - SUBJECT ADDED ENTRY--TOPICAL TERM
Topical term or geographic name entry element Motion picture industry
Form subdivision Fiction.
650 #0 - SUBJECT ADDED ENTRY--TOPICAL TERM
Topical term or geographic name entry element Biography
General subdivision Authorship
Form subdivision Fiction.
650 #0 - SUBJECT ADDED ENTRY--TOPICAL TERM
Topical term or geographic name entry element Man-woman relationships
Form subdivision Fiction.
651 #0 - SUBJECT ADDED ENTRY--GEOGRAPHIC NAME
Geographic name Hollywood (Los Angeles, Calif.)
Form subdivision Fiction.
942 ## - ADDED ENTRY ELEMENTS (KOHA)
Source of classification or shelving scheme
Koha item type Books - Fiction
Holdings
Withdrawn status Lost status Source of classification or shelving scheme Damaged status Not for loan Collection code Permanent Location Current Location Shelving location Date acquired Full call number Barcode Date last seen Price effective from Koha item type
          Fiction KH8 Senior School Library KH8 Senior School Library Young Adult 2023-02-13 FIC REI 3KHSL000101964 2024-07-23 2023-02-13 Books - Fiction

Powered By KH8 IT Dept